La educación tecnológica : aportes para su implementación /
Guardado en:
| Autor Principal: | |
|---|---|
| Otros Autores: | |
| Formato: | Libro |
| Publicado: |
Buenos Aires :
Conicet,
1997
|
| Series: | Pro Ciencia
|
| Materias: | |
| Etiquetas: |
Agregar Etiqueta
Sin Etiquetas, Sea el primero en etiquetar este registro!
|
| LEADER | 01303nam a22002535a 4500 | ||
|---|---|---|---|
| 001 | CEM.cems009612 | ||
| 005 | 20190830154605.0 | ||
| 008 | 130507s1997##################000#0#####d | ||
| 003 | CEMS | ||
| 020 | |a 9506870403 | ||
| 082 | 0 | 4 | |a 371.41 |
| 100 | 1 | |a Gay, Aquiles | |
| 245 | 1 | 0 | |a La educación tecnológica : |b aportes para su implementación / |c Aquiles Gay, Miguel Angel Ferreras |
| 260 | |a Buenos Aires : |b Conicet, |c 1997 | ||
| 300 | |a 220 p. | ||
| 490 | 0 | |a Pro Ciencia | |
| 500 | |a Red Federal de Formación Docente Continua | ||
| 505 | 0 | |a Pensando la educación tecnológica -- La tecnología en la escuela -- La educación tecnológica en el nivel inicial y en el primer ciclo de la EGB -- La tecnología, una nueva disciplina en el marco de la formación escolar -- La ciencia, la técnica y la tecnología -- El enfoque sistémico -- Los métodos específicos de la tecnología: el proyecto tecnológico -- La tecnología en la historia -- La tecnología y la estructura productiva -- La tecnología y el medio ambiente -- La energía | |
| 653 | |a Educación | ||
| 653 | |a Educación tecnológica | ||
| 653 | |a Tecnología | ||
| 700 | 1 | |a Ferraras, Miguel Angel | |
| 859 | |a CEMS |b BIB. CEMS - 11 de abril |h 371.41 |i G25 |p 19468.98 |t Ej.1 | ||
| 859 | |a CEMS |b BIB. CEMS - 11 de abril |h 371.41 |i G25 |p 19469.98 |t Ej.2 | ||
